British TV Shows By Clue - Statistics

General Stats
  • This quiz has been taken 4,807 times
    4,799 since last reset
  • The average score is 13 of 20
Answer Stats
Clue TV Show % Correct
the TARDIS, K-9, Daleks Doctor Who
95%
Benedict Cumberbatch, 221B Baker Street Sherlock
86%
The Rovers Return Inn, "Corrie" Coronation Street
78%
Simon Cowell, Susan Boyle, Ashley and Pudsey Britain's Got Talent
77%
Albert Square, Walford, Barbara Windsor Eastenders
76%
Ricky Gervais, mockumentary, Slough The Office
76%
Tinky Winky, Dipsy, Laa-Laa, Po Teletubbies
75%
Carol Volderman, Conundrums Countdown
74%
The Stig, Dunsfold Aerodrome, Cool Wall Top Gear
73%
David Walliams, Matt Lucas, Lou and Andy Little Britain
71%
The Garden, 'Here's one I made earlier' Blue Peter
70%
Dawn French, "No no no no no no, yes" The Vicar of Dibley
69%
Earl of Grantham, Crawley family, Maggie Smith Downton Abbey
63%
John Cleese, Eric Idle, The Liberty Bell Monty Python’s Flying Circus
62%
Ian Hislop, Paul Merton, Panel show Have I Got News For You
49%
Vajazzle, Mark Wright, Denise van Outen The Only Way is Essex
47%
Jim Hacker, Administrative Affairs Yes Minister
33%
Sir David Attenborough / Sigourney Weaver, Nature documentary Planet Earth
31%
Joke Shop, "What I call", the fourth wall Miranda
27%
UCOS, Amanda Redman, New Tricks
21%
No matching quizzes found
Score Distribution
Percent of People with Each Score
Percentile by Number Answered
Your Score History
You have not taken this quiz since the last reset